[Event "English Open Championship 2024"]
[Site "Holiday Inn, 212 Abbey End, Kenilworth CV8 1ED, United Kingdom"]
[Date "2024.06.20"]
[Round "1.11"]
[White "Derakhshani, Borna"]
[Black "Lishoy Gengis Paratazham, Dildarav"]
[Result "1-0"]
[TimeControl "G90 + 30secs/move"]
[WhiteFideId "12518450"]
[BlackFideId "491462"]
[WhiteElo "2355"]
[BlackElo "1969"]

1. e4 {[%clk 01:30:58]} {[%emt 00:00:02]} d6 {[%clk 01:30:51]} {[%emt
00:00:09]} 2. d4 {[%clk 01:30:15]} {[%emt 00:01:13]} Nf6 {[%clk 01:31:12]}
{[%emt 00:00:09]} 3. Nc3 {[%clk 01:30:39]} {[%emt 00:00:06]} e5 {[%clk
01:31:38]} {[%emt 00:00:03]} 4. Nf3 {[%clk 01:31:05]} {[%emt 00:00:05]} Nbd7
{[%clk 01:31:56]} {[%emt 00:00:13]} 5. Bc4 {[%clk 01:31:15]} {[%emt 00:00:19]}
Be7 {[%clk 01:32:13]} {[%emt 00:00:12]} 6. a4 {[%clk 01:31:35]} {[%emt
00:00:11]} c6 {[%clk 01:28:13]} {[%emt 00:04:30]} 7. Ba2 {[%clk 01:31:33]}
{[%emt 00:00:32]} Qc7 {[%clk 01:26:45]} {[%emt 00:01:58]} 8. O-O {[%clk
01:31:50]} {[%emt 00:00:13]} O-O {[%clk 01:26:52]} {[%emt 00:00:23]} 9. Re1
{[%clk 01:32:14]} {[%emt 00:00:06]} Re8 {[%clk 01:14:02]} {[%emt 00:13:20]} 10.
h3 {[%clk 01:32:37]} {[%emt 00:00:07]} Nf8 {[%clk 01:09:09]} {[%emt 00:05:23]}
11. dxe5 {[%clk 01:32:39]} {[%emt 00:00:28]} dxe5 {[%clk 01:07:36]} {[%emt
00:02:03]} 12. Ng5 {[%clk 01:31:41]} {[%emt 00:01:28]} Ne6 {[%clk 01:07:40]}
{[%emt 00:00:26]} 13. Nxe6 {[%clk 01:32:06]} {[%emt 00:00:05]} Bxe6 {[%clk
01:08:02]} {[%emt 00:00:08]} 14. Bxe6 {[%clk 01:32:31]} {[%emt 00:00:05]} fxe6
{[%clk 01:08:28]} {[%emt 00:00:04]} 15. Qe2 {[%clk 01:32:58]} {[%emt 00:00:03]}
Qa5 {[%clk 00:54:47]} {[%emt 00:14:11]} 16. Nb1 {[%clk 01:19:35]} {[%emt
00:13:53]} Bc5 {[%clk 00:50:08]} {[%emt 00:05:09]} 17. Bd2 {[%clk 01:14:57]}
{[%emt 00:05:08]} Qc7 {[%clk 00:47:33]} {[%emt 00:03:04]} 18. b4 {[%clk
01:14:10]} {[%emt 00:01:17]} Bf8 {[%clk 00:46:59]} {[%emt 00:01:05]} 19. Bc3
{[%clk 01:11:39]} {[%emt 00:03:01]} a6 {[%clk 00:37:04]} {[%emt 00:10:25]} 20.
a5 {[%clk 01:06:01]} {[%emt 00:06:08]} b5 {[%clk 00:36:57]} {[%emt 00:00:37]}
21. axb6 {[%clk 01:05:08]} {[%emt 00:01:23]} Qxb6 {[%clk 00:36:38]} {[%emt
00:00:49]} 22. Nd2 {[%clk 00:53:49]} {[%emt 00:11:49]} Qb5 {[%clk 00:30:21]}
{[%emt 00:06:46]} 23. Qc4 {[%clk 00:42:09]} {[%emt 00:12:11]} Nd7 {[%clk
00:27:14]} {[%emt 00:03:37]} 24. Reb1 {[%clk 00:35:46]} {[%emt 00:06:53]} Bd6
{[%clk 00:26:12]} {[%emt 00:01:31]} 25. Qb3 {[%clk 00:31:39]} {[%emt 00:04:38]}
Bc7 {[%clk 00:25:45]} {[%emt 00:00:57]} 26. Nf3 {[%clk 00:29:21]} {[%emt
00:02:48]} c5 {[%clk 00:23:33]} {[%emt 00:02:42]} 27. bxc5 {[%clk 00:27:18]}
{[%emt 00:02:33]} Qxb3 {[%clk 00:23:53]} {[%emt 00:00:10]} 28. Rxb3 {[%clk
00:27:05]} {[%emt 00:00:43]} Nxc5 {[%clk 00:24:15]} {[%emt 00:00:08]} 29. Rb4
{[%clk 00:27:31]} {[%emt 00:00:04]} Nd7 {[%clk 00:17:31]} {[%emt 00:07:13]} 30.
Rd1 {[%clk 00:25:27]} {[%emt 00:02:34]} Red8 {[%clk 00:13:06]} {[%emt
00:04:56]} 31. Rc4 {[%clk 00:20:37]} {[%emt 00:05:21]} Bb6 {[%clk 00:09:45]}
{[%emt 00:03:48]} 32. Bb4 {[%clk 00:18:29]} {[%emt 00:02:40]} Nf6 {[%clk
00:09:23]} {[%emt 00:00:51]} 33. Rxd8+ {[%clk 00:18:36]} {[%emt 00:00:24]} Rxd8
{[%clk 00:09:39]} {[%emt 00:00:14]} 34. Nxe5 {[%clk 00:18:42]} {[%emt
00:00:24]} h6 {[%clk 00:09:39]} {[%emt 00:00:30]} 35. Nd3 {[%clk 00:16:33]}
{[%emt 00:02:39]} a5 {[%clk 00:06:25]} {[%emt 00:03:43]} 36. Bc3 {[%clk
00:13:32]} {[%emt 00:03:32]} Rd7 {[%clk 00:05:36]} {[%emt 00:01:18]} 37. Be5
{[%clk 00:12:05]} {[%emt 00:01:58]} Rb7 {[%clk 00:04:57]} {[%emt 00:01:08]} 38.
Kf1 {[%clk 00:12:01]} {[%emt 00:00:35]} Nd7 {[%clk 00:03:08]} {[%emt 00:02:18]}
39. Bd6 {[%clk 00:11:28]} {[%emt 00:01:03]} Ba7 {[%clk 00:03:14]} {[%emt
00:00:24]} 40. Ke2 {[%clk 00:09:39]} {[%emt 00:02:20]} Bb8 {[%clk 00:03:00]}
{[%emt 00:00:44]} 41. Ba3 {[%clk 00:09:22]} {[%emt 00:00:46]} Kh7 {[%clk
00:03:14]} {[%emt 00:00:16]} 42. Rc6 {[%clk 00:08:15]} {[%emt 00:01:37]} e5
{[%clk 00:03:28]} {[%emt 00:00:16]} 43. Nb2 {[%clk 00:07:30]} {[%emt 00:01:16]}
Rb5 {[%clk 00:03:21]} {[%emt 00:00:37]} 44. Nc4 {[%clk 00:07:40]} {[%emt
00:00:20]} Nf6 {[%clk 00:02:29]} {[%emt 00:01:22]} 45. f3 {[%clk 00:06:56]}
{[%emt 00:01:13]} Nh5 {[%clk 00:02:51]} {[%emt 00:00:08]} 46. Rb6 {[%clk
00:06:58]} {[%emt 00:00:28]} Nf4+ {[%clk 00:03:10]} {[%emt 00:00:10]} 47. Kf1
{[%clk 00:07:22]} {[%emt 00:00:07]} Rxb6 {[%clk 00:03:22]} {[%emt 00:00:18]} 48.
Nxb6 {[%clk 00:07:50]} {[%emt 00:00:02]} Ba7 {[%clk 00:03:35]} {[%emt
00:00:17]} 49. Nc4 {[%clk 00:08:05]} {[%emt 00:00:15]} a4 {[%clk 00:03:09]}
{[%emt 00:00:57]} 50. Nxe5 {[%clk 00:08:22]} {[%emt 00:00:13]} Bd4 {[%clk
00:03:16]} {[%emt 00:00:22]} 51. Nc4 {[%clk 00:07:40]} {[%emt 00:01:12]} Kg8
{[%clk 00:03:29]} {[%emt 00:00:16]} 52. h4 {[%clk 00:07:42]} {[%emt 00:00:29]}
g5 {[%clk 00:03:52]} {[%emt 00:00:07]} 53. hxg5 {[%clk 00:06:37]} {[%emt
00:01:36]} hxg5 {[%clk 00:04:20]} {[%emt 00:00:02]} 54. g3 {[%clk 00:06:28]}
{[%emt 00:00:39]} Nh5 {[%clk 00:04:24]} {[%emt 00:00:26]} 55. Bd6 {[%clk
00:05:04]} {[%emt 00:01:54]} Kf7 {[%clk 00:03:28]} {[%emt 00:01:26]} 56. Ke2
{[%clk 00:05:19]} {[%emt 00:00:16]} Ke6 {[%clk 00:03:46]} {[%emt 00:00:11]} 57.
Kd3 {[%clk 00:05:19]} {[%emt 00:00:31]} Bf2 {[%clk 00:04:09]} {[%emt 00:00:06]}
58. g4 {[%clk 00:05:41]} {[%emt 00:00:09]} Nf6 {[%clk 00:04:31]} {[%emt
00:00:07]} 59. Ba3 {[%clk 00:05:34]} {[%emt 00:00:38]} Nd7 {[%clk 00:04:46]}
{[%emt 00:00:14]} 60. Bc1 {[%clk 00:03:34]} {[%emt 00:02:31]} Bc5 {[%clk
00:03:36]} {[%emt 00:01:40]} 61. Bxg5 {[%clk 00:03:21]} {[%emt 00:00:42]} a3
{[%clk 00:03:33]} {[%emt 00:00:33]} 62. Bc1 {[%clk 00:02:13]} {[%emt 00:01:38]}
Ne5+ {[%clk 00:03:51]} {[%emt 00:00:13]} 63. Nxe5 {[%clk 00:02:37]} {[%emt
00:00:05]} Kxe5 {[%clk 00:04:12]} {[%emt 00:00:09]} 64. f4+ {[%clk 00:03:06]}
{[%emt 00:00:02]} Ke6 {[%clk 00:04:35]} {[%emt 00:00:06]} 65. Kc4 {[%clk
00:03:17]} {[%emt 00:00:19]} Bd6 {[%clk 00:04:38]} {[%emt 00:00:28]} 66. Kb3
{[%clk 00:03:27]} {[%emt 00:00:20]} Kf7 {[%clk 00:04:58]} {[%emt 00:00:10]} 67.
e5 {[%clk 00:03:52]} {[%emt 00:00:05]} Bc5 {[%clk 00:05:20]} {[%emt 00:00:07]}
68. Bxa3 {[%clk 00:04:16]} {[%emt 00:00:07]} Be3 {[%clk 00:05:49]} 69. f5
{[%clk 00:04:39]} {[%emt 00:00:07]} Bf4 {[%clk 00:06:16]} {[%emt 00:00:03]} 70.
Bd6 {[%clk 00:05:04]} {[%emt 00:00:05]} Bg5 {[%clk 00:06:42]} {[%emt 00:00:04]}
71. Kc4 {[%clk 00:05:29]} {[%emt 00:00:04]} Be7 {[%clk 00:07:02]} {[%emt
00:00:10]} 72. Bxe7 {[%clk 00:05:55]} {[%emt 00:00:05]} Kxe7 {[%clk 00:07:30]}
{[%emt 00:00:01]} 73. Kd5 {[%clk 00:06:19]} {[%emt 00:00:07]} Kd7 {[%clk
00:07:56]} {[%emt 00:00:04]} 74. f6 {[%clk 00:06:45]} {[%emt 00:00:04]} Kc7
{[%clk 00:08:23]} {[%emt 00:00:03]} 75. f7 {[%clk 00:07:11]} {[%emt 00:00:03]}
Kb6 {[%clk 00:08:48]} {[%emt 00:00:05]} 76. f8=Q {[%clk 00:07:34]} {[%emt
00:00:07]} Kb7 {[%clk 00:09:07]} {[%emt 00:00:11]} 77. Qc5 {[%clk 00:07:59]}
{[%emt 00:00:05]} Ka6 {[%clk 00:09:11]} {[%emt 00:00:26]} 78. Qb4 {[%clk
00:08:25]} {[%emt 00:00:04]} Ka7 {[%clk 00:09:38]} {[%emt 00:00:04]} 79. Kc6
{[%clk 00:08:51]} {[%emt 00:00:04]} Ka6 {[%clk 00:10:03]} {[%emt 00:00:05]} 80.
Qa4# {[%clk 00:09:15]} {[%emt 00:00:05]} 1-0

[Event "English Open Championship 2024"]
[Site "Holiday Inn, 212 Abbey End, Kenilworth CV8 1ED, United Kingdom"]
[Date "2024.06.20"]
[Round "1.12"]
[White "Dias, Savin"]
[Black "Jackson, James P"]
[Result "0-1"]
[TimeControl "G90 + 30secs/move"]
[WhiteFideId "442399"]
[BlackFideId "416860"]
[WhiteElo "1983"]
[BlackElo "2358"]

1. e4 {[%clk 01:30:57]} {[%emt 00:00:03]} e5 {[%clk 01:30:54]} {[%emt
00:00:07]} 2. Nf3 {[%clk 01:30:16]} {[%emt 00:01:10]} Nc6 {[%clk 01:31:19]}
{[%emt 00:00:05]} 3. Bc4 {[%clk 01:30:41]} {[%emt 00:00:05]} Nf6 {[%clk
01:31:39]} {[%emt 00:00:10]} 4. Ng5 {[%clk 01:30:18]} {[%emt 00:00:54]} d5
{[%clk 01:32:03]} {[%emt 00:00:06]} 5. exd5 {[%clk 01:30:42]} {[%emt 00:00:05]}
Na5 {[%clk 01:32:29]} {[%emt 00:00:04]} 6. Bb5+ {[%clk 01:31:08]} {[%emt
00:00:04]} c6 {[%clk 01:32:55]} {[%emt 00:00:05]} 7. dxc6 {[%clk 01:31:35]}
{[%emt 00:00:03]} bxc6 {[%clk 01:33:20]} {[%emt 00:00:05]} 8. Bd3 {[%clk
01:31:55]} {[%emt 00:00:10]} Nd5 {[%clk 01:33:01]} {[%emt 00:00:49]} 9. Nf3
{[%clk 01:23:35]} {[%emt 00:08:50]} Bd6 {[%clk 01:33:25]} {[%emt 00:00:06]} 10.
O-O {[%clk 01:20:49]} {[%emt 00:03:16]} O-O {[%clk 01:33:33]} {[%emt 00:00:22]}
11. Re1 {[%emt 00:03:33]} f5 {[%clk 01:33:08]} 12. Nxe5 {[%clk 01:14:01]}
{[%emt 00:05:10]} Qf6 {[%clk 01:33:32]} {[%emt 00:00:05]} 13. Nc4 {[%clk
01:04:03]} {[%emt 00:10:29]} Nxc4 {[%clk 01:27:36]} {[%emt 00:06:26]} 14. Bxc4
{[%clk 01:04:11]} {[%emt 00:00:22]} Qh4 {[%clk 01:27:46]} {[%emt 00:00:19]} 15.
Bxd5+ {[%clk 01:04:22]} {[%emt 00:00:19]} cxd5 {[%clk 01:28:10]} {[%emt
00:00:06]} 16. g3 {[%clk 01:01:12]} {[%emt 00:03:41]} Qh3 {[%clk 01:27:59]}
{[%emt 00:00:41]} 17. f4 {[%clk 00:40:19]} {[%emt 00:21:22]} d4 {[%clk
01:15:50]} {[%emt 00:12:40]} 18. Qf3 {[%clk 00:31:06]} {[%emt 00:09:42]} Bb7
{[%clk 00:49:40]} {[%emt 00:26:40]} 19. Qf1 {[%clk 00:16:34]} {[%emt 00:15:02]}
Qg4 {[%clk 00:44:30]} {[%emt 00:05:40]} 20. d3 {[%clk 00:15:59]} {[%emt
00:01:05]} Rae8 {[%clk 00:43:50]} {[%emt 00:01:09]} 21. Bd2 {[%clk 00:13:21]}
{[%emt 00:03:09]} Rxe1 {[%clk 00:42:10]} {[%emt 00:02:10]} 22. Bxe1 {[%clk
00:13:49]} {[%emt 00:00:02]} Qd1 {[%clk 00:41:59]} {[%emt 00:00:41]} 23. Ba5
{[%clk 00:09:17]} {[%emt 00:05:03]} Qxc2 {[%clk 00:42:22]} {[%emt 00:00:06]} 24.
Nd2 {[%clk 00:07:01]} {[%emt 00:02:46]} Qc6 {[%clk 00:42:30]} {[%emt 00:00:21]}
25. Kf2 {[%clk 00:06:47]} {[%emt 00:00:45]} Re8 {[%clk 00:39:30]} {[%emt
00:03:30]} 26. Re1 {[%clk 00:06:21]} {[%emt 00:00:56]} Re3 {[%clk 00:39:38]}
{[%emt 00:00:21]} 27. Qh3 {[%clk 00:05:24]} {[%emt 00:01:28]} Qd5 {[%clk
00:37:08]} {[%emt 00:03:00]} 28. Nc4 {[%clk 00:04:40]} {[%emt 00:01:14]} Qf3+
{[%clk 00:37:24]} {[%emt 00:00:14]} 29. Kg1 {[%clk 00:05:06]} {[%emt 00:00:04]}
Bxf4 {[%clk 00:31:55]} {[%emt 00:05:59]} 30. Rf1 {[%clk 00:02:31]} {[%emt
00:03:04]} Qh1+ {[%clk 00:29:20]} {[%emt 00:03:06]} 31. Kf2 {[%clk 00:03:00]}
{[%emt 00:00:01]} Rf3+ {[%clk 00:29:41]} {[%emt 00:00:09]} 32. Ke1 {[%clk
00:03:03]} {[%emt 00:00:26]} Bxg3+ {[%clk 00:29:49]} {[%emt 00:00:22]} 33. Qxg3
{[%clk 00:02:25]} {[%emt 00:01:08]} Qxf1+ {[%clk 00:30:12]} {[%emt 00:00:08]}
0-1

[Event "English Open Championship 2024"]
[Site "Holiday Inn, 212 Abbey End, Kenilworth CV8 1ED, United Kingdom"]
[Date "2024.06.20"]
[Round "1.13"]
[White "Bates, Richard A"]
[Black "Honey, Luke"]
[Result "1/2-1/2"]
[TimeControl "G90 + 30secs/move"]
[WhiteFideId "403555"]
[BlackFideId "343403425"]
[WhiteElo "2312"]
[BlackElo "2040"]

1. d4 {[%clk 01:30:48]} {[%emt 00:00:11]} d5 {[%clk 01:30:52]} {[%emt
00:00:09]} 2. c4 {[%clk 01:30:30]} {[%emt 00:00:47]} c6 {[%clk 01:31:12]}
{[%emt 00:00:10]} 3. Nf3 {[%clk 01:30:51]} {[%emt 00:00:09]} Nf6 {[%clk
01:31:33]} {[%emt 00:00:09]} 4. Qb3 {[%clk 01:30:20]} {[%emt 00:01:00]} dxc4
{[%clk 01:31:50]} {[%emt 00:00:14]} 5. Qxc4 {[%clk 01:30:44]} {[%emt 00:00:05]}
Bf5 {[%clk 01:32:09]} {[%emt 00:00:10]} 6. g3 {[%clk 01:30:39]} {[%emt
00:00:36]} e6 {[%clk 01:32:19]} {[%emt 00:00:20]} 7. Bg2 {[%clk 01:31:04]}
{[%emt 00:00:05]} Nbd7 {[%clk 01:32:09]} {[%emt 00:00:40]} 8. O-O {[%clk
01:31:01]} {[%emt 00:00:33]} Be7 {[%clk 01:32:14]} {[%emt 00:00:25]} 9. Nc3
{[%clk 01:29:50]} {[%emt 00:01:40]} O-O {[%clk 01:32:20]} {[%emt 00:00:24]} 10.
Re1 {[%clk 01:25:44]} {[%emt 00:04:36]} h6 {[%clk 01:23:04]} {[%emt 00:09:47]}
11. Qb3 {[%clk 01:15:20]} {[%emt 00:10:55]} Qb6 {[%clk 01:14:56]} {[%emt
00:08:37]} 12. e4 {[%clk 01:15:36]} {[%emt 00:00:14]} Bh7 {[%clk 01:13:27]}
{[%emt 00:01:58]} 13. h3 {[%clk 01:02:31]} {[%emt 00:13:35]} Bb4 {[%clk
00:55:43]} {[%emt 00:18:15]} 14. Nh2 {[%clk 00:39:01]} {[%emt 00:23:59]} e5
{[%clk 00:32:17]} {[%emt 00:23:57]} 15. dxe5 {[%clk 00:31:56]} {[%emt
00:07:34]} Nxe5 {[%clk 00:32:04]} {[%emt 00:00:44]} 16. Be3 {[%clk 00:28:36]}
{[%emt 00:03:50]} Bc5 {[%clk 00:27:58]} {[%emt 00:04:37]} 17. Bxc5 {[%clk
00:24:39]} {[%emt 00:04:26]} Qxc5 {[%clk 00:27:54]} {[%emt 00:00:33]} 18. Rad1
{[%clk 00:23:38]} {[%emt 00:01:31]} b5 {[%clk 00:24:49]} {[%emt 00:03:37]} 19.
Nf3 {[%clk 00:14:30]} {[%emt 00:09:37]} Nfd7 {[%clk 00:19:12]} {[%emt
00:06:07]} 20. Nd4 {[%clk 00:12:32]} {[%emt 00:02:28]} Nb6 {[%clk 00:16:28]}
{[%emt 00:03:14]} 21. f4 {[%clk 00:11:21]} {[%emt 00:01:41]} Rfd8 {[%clk
00:14:02]} {[%emt 00:02:56]} 22. Nce2 {[%clk 00:11:25]} {[%emt 00:00:26]} Nec4
{[%clk 00:13:57]} {[%emt 00:00:35]} 23. Kh2 {[%clk 00:10:31]} {[%emt 00:01:24]}
Na4 {[%clk 00:12:50]} {[%emt 00:01:37]} 24. e5 {[%clk 00:03:29]} {[%emt
00:07:32]} Naxb2 {[%clk 00:05:57]} {[%emt 00:07:23]} 25. Nxc6 {[%clk 00:03:10]}
{[%emt 00:00:49]} Rxd1 {[%clk 00:05:54]} {[%emt 00:00:33]} 26. Rxd1 {[%clk
00:02:46]} {[%emt 00:00:53]} Nxd1 {[%clk 00:05:40]} {[%emt 00:00:44]} 27. Qxd1
{[%clk 00:02:28]} {[%emt 00:00:48]} Ne3 {[%clk 00:04:30]} {[%emt 00:01:41]} 28.
Qd6 {[%clk 00:01:44]} {[%emt 00:01:13]} Qxd6 {[%clk 00:02:47]} {[%emt
00:02:14]} 29. exd6 {[%clk 00:02:09]} {[%emt 00:00:05]} Nxg2 {[%clk 00:02:06]}
{[%emt 00:01:12]} 30. d7 {[%clk 00:02:31]} {[%emt 00:00:07]} Be4 {[%clk
00:01:49]} {[%emt 00:00:47]} 31. d8=Q+ {[%clk 00:01:41]} {[%emt 00:01:19]} Rxd8
{[%clk 00:02:18]} {[%emt 00:00:02]} 32. Nxd8 {[%clk 00:02:03]} {[%emt
00:00:07]} Kf8 {[%clk 00:02:12]} {[%emt 00:00:37]} 33. Nd4 {[%clk 00:01:22]}
{[%emt 00:01:12]} Ne3 {[%clk 00:00:39]} {[%emt 00:02:02]} 34. Nxb5 {[%clk
00:00:58]} {[%emt 00:00:54]} Ke7 {[%clk 00:00:43]} {[%emt 00:00:27]} 35. Nxf7
{[%clk 00:01:13]} {[%emt 00:00:14]} Nf1+ {[%clk 00:00:38]} {[%emt 00:00:35]} 36.
Kg1 {[%clk 00:01:38]} {[%emt 00:00:05]} Nxg3 {[%clk 00:00:55]} {[%emt
00:00:13]} 37. Kf2 {[%clk 00:01:02]} {[%emt 00:01:05]} Nf5 {[%clk 00:00:36]}
{[%emt 00:00:50]} 38. Ne5 {[%clk 00:01:21]} {[%emt 00:00:11]} a5 {[%clk
00:00:35]} {[%emt 00:00:31]} 39. Nc3 {[%clk 00:01:41]} {[%emt 00:00:09]} Bc2
{[%clk 00:00:32]} {[%emt 00:00:34]} 40. Nc4 {[%clk 00:01:24]} {[%emt 00:00:47]}
a4 {[%clk 00:00:43]} {[%emt 00:00:19]} 41. Na3 {[%clk 00:01:29]} {[%emt
00:00:24]} Bd3 {[%clk 00:00:47]} {[%emt 00:00:27]} 42. Nxa4 {[%clk 00:01:51]}
{[%emt 00:00:08]} Kd6 {[%clk 00:01:02]} {[%emt 00:00:15]} 43. Nb2 {[%clk
00:02:05]} {[%emt 00:00:16]} Ba6 {[%clk 00:01:13]} {[%emt 00:00:18]} 44. Nac4+
{[%clk 00:01:59]} {[%emt 00:00:36]} Kc5 {[%clk 00:01:24]} {[%emt 00:00:20]} 45.
Ne3 {[%clk 00:02:13]} {[%emt 00:00:15]} Nd4 {[%clk 00:01:18]} {[%emt 00:00:37]}
46. a3 {[%clk 00:01:58]} {[%emt 00:00:45]} g6 {[%clk 00:00:35]} {[%emt
00:01:14]} 47. Na4+ {[%clk 00:01:38]} {[%emt 00:00:49]} Kc6 {[%clk 00:00:43]}
{[%emt 00:00:23]} 48. Nc3 {[%clk 00:01:54]} {[%emt 00:00:13]} Bc8 {[%clk
00:00:52]} {[%emt 00:00:21]} 49. Ng4 {[%clk 00:01:03]} {[%emt 00:01:21]} Kd6
{[%clk 00:00:32]} {[%emt 00:00:51]} 50. Ne2 {[%clk 00:00:35]} {[%emt 00:00:58]}
Nc6 {[%clk 00:00:33]} {[%emt 00:00:28]} 51. Ke3 {[%clk 00:00:54]} {[%emt
00:00:11]} g5 {[%clk 00:00:31]} {[%emt 00:00:32]} 52. Nxh6 {[%clk 00:01:06]}
{[%emt 00:00:18]} gxf4+ {[%clk 00:00:58]} {[%emt 00:00:03]} 53. Nxf4 {[%clk
00:01:24]} {[%emt 00:00:11]} Bxh3 {[%clk 00:01:03]} {[%emt 00:00:26]} 54. Nxh3
{[%clk 00:01:46]} {[%emt 00:00:08]} Kc5 {[%clk 00:01:20]} {[%emt 00:00:12]} 55.
Nf5 {[%clk 00:01:16]} {[%emt 00:01:00]} Kc4 {[%clk 00:00:54]} {[%emt 00:00:57]}
56. Nd6+ {[%clk 00:00:39]} {[%emt 00:01:07]} Kb3 {[%clk 00:01:16]} {[%emt
00:00:08]} 57. Nb5 {[%clk 00:00:47]} {[%emt 00:00:21]} Ka4 {[%clk 00:01:41]}
{[%emt 00:00:06]} 58. Nd4 {[%clk 00:01:09]} {[%emt 00:00:07]} Nxd4 {[%clk
00:02:05]} {[%emt 00:00:07]} 59. Kxd4 {[%clk 00:01:37]} {[%emt 00:00:01]} Kxa3
{[%clk 00:02:30]} {[%emt 00:00:07]} 1/2-1/2